00309nam a2200109Ia 4500008004100000041000800041082001300049100002400062245005300086260004600139300001400185220530s9999 xx 000 0 und d aeng a820bSHI aShivtatvanand Swami aSwami Vivekanand Granthavali Vol-10 (Marathi ) aNagpurbRamkrushn Math Publicationc2012 a423 PbPB